Composition and the academy : a study of writing program administration /

Bibliographic Details
Main Author: Hartzog, Carol P., 1940-
Format: Book
Language:English
Published: New York : Modern Language Association, 1986.
Subjects:

MARC

Tag First Indicator Second Indicator Subfields
LEADER 00000cam a2200000 a 4500
001 in00000031163
005 20151007060318.0
008 860611s1986 nyu b 00010 eng
010 |a  86016278  
020 |a 0873523784 (pbk.) :  |c $16.50 
020 |a 0873523776 (hard) :  |c $30.00 
035 |a (OCoLC)13795636 
035 |9 AAC0552AM 
040 |a DLC  |c DLC  |d m/c  |d TXA  |d UtOrBLW 
043 |a n-us--- 
049 |a TXAM  |c [A11497819] 
050 0 0 |a PE1405.U6  |b H37 1986 
082 0 |a 808/.042/071273  |2 19 
100 1 |a Hartzog, Carol P.,  |d 1940- 
245 1 0 |a Composition and the academy :  |b a study of writing program administration /  |c Carol P. Hartzog. 
264 1 |a New York :  |b Modern Language Association,  |c 1986. 
300 |a xviii, 166 pages ;  |c 23 cm. 
336 |a text  |b txt  |2 rdacontent 
337 |a unmediated  |b n  |2 rdamedia 
338 |a volume  |b nc  |2 rdacarrier 
504 |a Bibliography: pages 151-164. 
650 0 |a English language  |x Rhetoric  |x Study and teaching  |z United States. 
650 0 |a Writing centers  |z United States  |x Administration. 
650 0 |a Interdisciplinary approach in education. 
999 |a MARS 
999 f f |s 044b5d3c-4d48-3e49-9f5c-3fd0204a8170  |i 4115e353-b0a8-3d55-be8b-676451da9175  |t 0 
952 f f |p ric  |a Texas A&M University  |b Rellis Campus  |c Joint Library Facility  |s JLF  |d Remote Storage  |t 0  |e PE1405.U6 H37 1986  |h Library of Congress classification  |i unmediated -- volume  |m A14811497819 
998 f f |a PE1405.U6 H37 1986  |t 0  |l Remote Storage